00887 2200313 4500001002100000005001500021035002000036007000300056008004100059020002200100040002200122082001600144084001800160090002200178090002000200100002200220245005600242250003000298300004300328650003000371850001200401041000800413264003600421336002100457337003000478338002300508999002100531990002100552INLIS00000000084885920201210123806 a0010-0619000814ta190627s2019 yoia g ind d a978-623-209-623-3 aYOPDYOGbinderda04223a808.301 a808.301 ERM k aDEP 808.301 ERM k aCB-D.112019-6680 aErnawatiePenulis10aKado terindah untuk sang surya /cpenulis, Ernawati aCetakan pertama, Mei 2019 aviii, 59 halaman :bilustrasi ;c20 cm 4aCerita pendek--xKumpulan aYOPDYOG0 aind34aYogyakarta :bDeepublish,c2019 2rdacontentateks 2rdamediaatanpa perantara 2rdacarrieravolume aCB-D.11/2019-668 aCB-D.11/2019-668